| 000 | 00694nam a2200265Ia 4500 | ||
|---|---|---|---|
| 005 | 20260121165844.0 | ||
| 008 | 008 260114s9999 xx 000 0 eng d | ||
| 020 | _a9783319247830 | ||
| 037 | _aEBOOK | ||
| 040 | _aCRL | ||
| 040 | _beng | ||
| 040 | _cCRL | ||
| 041 | _2eng | ||
| 041 | _aeng | ||
| 084 | _qCRL | ||
| 100 |
_aChristophe Z. Guilmoto, Gavin W. Jones _91056863 |
||
| 245 | 0 | _aContemporary Demographic Transformations in China, India and Indonesia | |
| 260 | _bSpringer | ||
| 260 | _bSpringer | ||
| 260 | _c2016 | ||
| 856 | _uhttps://link.springer.com/openurl?genre=book&isbn=978-3-319-24783-0 | ||
| 942 | _cEBOOK | ||
| 999 |
_c1622591 _d1622591 |
||